000 03256 a2200373 4500
005 20090424112353.0
008 090424t xxu||||| |||| 00| 0 eng d
010 _aENG-89493 B-308537-545
020 _c225.00
_a8175346277
035 _aEN-73026 B-308537-545
037 _bDBAD / PUB Universal Law Publishing
040 _adpl
_bEnglish
082 _a344.540121
100 _aKumar, H.L.
245 _aPractical guide to payment of wages:
_cbyH.L. Kumar [and] Gaurav Kumar
_bact & rules/
250 _a2nd ed
260 _aDelhi
_bUniversal Law Publishing
_c2007
270 _aC-FF-1A, Dilkhush Induatrial Estate, Opp. Hans Cinema, G. T. Karnal Raod, Azadpur
_bDelhi
_e110033
300 _axxiv, 233p.
_c24 cm (pbk)
500 _aIncludes index
700 _aGaurav Kumar
942 _adpl
_cEN
_k 344.540121/ KUM
_2ddc
_h344.540121
_mKUM
999 _c12358
_d12358